Motivos e ideas estéticas en Rubén Dario

Gespeichert in:
Bibliographische Detailangaben
1. Verfasser: Cardenal Martínez, Carlos
Format: Buch
Sprache:Undetermined
Veröffentlicht: San José, Costa Rica Escuela de Filosofía, Universidad de Costa Rica 1965
Schlagworte:
Tags: Tag hinzufügen
Keine Tags, Fügen Sie den ersten Tag hinzu!

MARC

LEADER 00000nam a2200000Ia 4500
008 170316s9999 xx 000 0 und d
040 |a cru BVZT 
090 |a TESIS 548 
100 |a Cardenal Martínez, Carlos 
245 |a Motivos e ideas estéticas en Rubén Dario 
260 |a San José, Costa Rica 
260 |b Escuela de Filosofía, Universidad de Costa Rica 
260 |c 1965 
300 |a 102 páginas 
650 |a LICENCIATURA EN FILOSOFÍA 
650 |a TRABAJO FINAL DE GRADUACIÓN 
999 |c 14201  |d 14201 
942 |c TFG  |h TESIS 548  |2 z